| 000 | 00946nam a22002537a 4500 | ||
|---|---|---|---|
| 005 | 20080623123917.0 | ||
| 008 | 080618t xxu||||| |||| 00| 0 eng d | ||
| 010 | _aENG-90380 | ||
| 020 |
_c95.00 _a8178234830 |
||
| 035 | _aEN-73913 | ||
| 037 | _bDBAD / PUB | ||
| 040 |
_aDPL _bEN |
||
| 082 | _a181.45 | ||
| 100 | _a Saradananda, Swami | ||
| 245 |
_aSri Ramakrishna the great master / _cby Swami Saradananda; translated by Swami Jagadananda |
||
| 260 |
_aChennai _bSri Ramakrishna Math _c2008 |
||
| 270 |
_aMylapore, _bChennai _e600004 |
||
| 300 |
_axcvi, 1376p. _c25 cm (Hb) |
||
| 500 | _aIncludes index | ||
| 500 | _aThis book originally written in Bengali in five volumes | ||
| 700 | _aSwami Jagadananda | ||
| 942 |
_cEN _h181.45 _2ddc _mSAR |
||
| 999 |
_c13858 _d13858 |
||